The Reconstruction of community and identity among Guatemalan returnees /

Reflexión acerca de las distintas situaciones asociadas con los procesos de reinserción de las poblaciones de desplazados que retornan a su país de origen. En particular, el enfoque se concentra en la reconstrucción de las identidades y el tejido social basado en las estrategias de sobrevivencia de...

Mô tả đầy đủ

Đã lưu trong:
Chi tiết về thư mục
Tác giả chính: Stolen, Kristi Anne
Định dạng: Texto
Những chủ đề:
Các nhãn: Thêm thẻ
Không có thẻ, Là người đầu tiên thẻ bản ghi này!

MARC

LEADER 00000 a a2200000 04500
001 16277
003
040
100 |a Stolen, Kristi Anne  
245 |a The Reconstruction of community and identity among Guatemalan returnees /  |c Kristi Anne Stolen 
520 |a Reflexión acerca de las distintas situaciones asociadas con los procesos de reinserción de las poblaciones de desplazados que retornan a su país de origen. En particular, el enfoque se concentra en la reconstrucción de las identidades y el tejido social basado en las estrategias de sobrevivencia de quienes se ven forzados a emigrar por situaciones políticas. Para ello, la autora analiza el caso de los refugiados guatemaltecos que retornaron a su país, luego de vivir 15 años en campamentos ubicados en el sur de México  
650 |a REASENTAMIENTO  
650 |a MIGRACION FORZADA  
650 |a IDENTIDAD CULTURAL  
650 |a VIDA COTIDIANA  
650 |a REFUGIADOS  
650 |a GUATEMALA  
773 |g número 77; páginas 3-24  
999 |c 31714  |d 31714